000 00368nam a2200157Ia 4500
005 20250324050347.0
008 240331s9999 xx 000 0 und d
082 _bRAJ
_a894
100 _aRajanarayanan, K
245 0 _aPinchukal
250 _a3rd
260 _aMadurai
_bAnam Book shop
_c1989
300 _a100 p .,
650 _aKulanthaigak Kuru navel
942 _cL
999 _c4152
_d4152